Vplyv náradia na inovačný proces

Enregistré dans:
Détails bibliographiques
Auteur principal: Tvrdoň, Jozef
Format: Chapitre de livre
Langue:slovaque
Tags: Ajouter un tag
Pas de tags, Soyez le premier à ajouter un tag!

MARC

LEADER 00000naa a2200000 4500
001 0145142
005 20240502072616.4
041 0 |a slo 
044 |a SK 
245 1 0 |a Vplyv náradia na inovačný proces  |c Jozef Tvrdoň 
100 1 |a Tvrdoň, Jozef